000 00284nam a2200121Ia 4500
008 190216s9999||||xx |||||||||||||| ||und||
100 _aUnnikrishnan P
245 0 _aAdiyozhuk
260 _bPoorna Pubs Kozhikode
300 _a101
650 _aMalayalam Novel-Malayalam
942 _cBK
999 _c27200
_d27200